[Event "ITA-ch U20"]
[Site "Bratto"]
[Date "2005.08.28"]
[Round "9"]
[White "Castellano, Fabio Marco"]
[Black "Rorato, Giovanni"]
[Result "0-1"]
[WhiteElo "1893"]
[BlackElo "1706"]
[PlyCount "100"]
[EventDate "2005.08.20"]
[EventType "swiss"]
[EventRounds "9"]
[EventCountry "ITA"]
[SourceTitle "EXT 2006"]
[Source "ChessBase"]
[SourceDate "2005.11.24"]
[SourceVersion "1"]
[SourceVersionDate "2005.11.24"]
[SourceQuality "1"]

1. e4 c6 2. d4 d5 3. Nc3 dxe4 4. Nxe4 Bf5 5. Ng3 Bg6 6. h4 h6 7. Nf3 Nf6 8. Ne5 Bh7 9. Bc4 e6 10. Qe2 Nd5 11. c3 Nd7 12. f4 N7b6 13. Bd3 Bxd3 14. Qxd3 Nf6 15. Be3 Qe7 16. 0-0-0 0-0-0 17. f5 Nbd7 18. Nxd7 Qxd7 19. fxe6 Qxe6 20. Qf5 Qxf5 21. Nxf5 g6 22. Ng3 Bd6 23. Rhf1 Nd5 24. Bf2 f5 25. Ne2 Rde8 26. Rfe1 Ne3 27. Bxe3 Rxe3 28. Kd2 Rhe8 29. c4 R8e4 30. g3 Bb4+ 31. Nc3 Rxe1 32. Rxe1 Rxd4+ 33. Kc2 Rxc4 34. Re6 Bxc3 35. bxc3 Rg4 36. Re3 Kd7 37. Kd3 Ra4 38. Re2 Kd6 39. Re8 Rg4 40. Re3 b5 41. Kc2 c5 42. Rf3 Ke5 43. Re3+ Re4 44. Rd3 c4 45. Rd7 Re2+ 46. Kb1 Rg2 47. Rxa7 Rxg3 48. Rb7 f4 49. Rxb5+ Ke4 50. h5 f3 0-1

[Event "ITA-ch U20"]
[Site "Bratto"]
[Date "2005.08.25"]
[Round "6"]
[White "Bosi, Clint"]
[Black "Castellano, Fabio Marco"]
[Result "1-0"]
[WhiteElo "2025"]
[BlackElo "1893"]
[PlyCount "43"]
[EventDate "2005.08.20"]
[EventType "swiss"]
[EventRounds "9"]
[EventCountry "ITA"]
[SourceTitle "EXT 2006"]
[Source "ChessBase"]
[SourceDate "2005.11.24"]
[SourceVersion "1"]
[SourceVersionDate "2005.11.24"]
[SourceQuality "1"]

1. e4 c5 2. f4 d5 3. exd5 Qxd5 4. Nc3 Qd8 5. Nf3 Nf6 6. Ne5 Nbd7 7. Qf3 a6 8. Bc4 e6 9. d3 Bd6 10. Nxd7 Bxd7 11. Qxb7 0-0 12. 0-0 a5 13. Qf3 Rb8 14. b3 Qc7 15. Bb2 e5 16. f5 e4 17. Nxe4 Nxe4 18. Qxe4 Bxh2+ 19. Kh1 Rbe8 20. Qh4 Bg3 21. Qg5 Be5 22. f6 1-0

[Event "ITA-ch U20"]
[Site "Bratto"]
[Date "2005.08.20"]
[Round "1"]
[White "Castellano, Fabio Marco"]
[Black "Lain, Luigi"]
[Result "0-1"]
[WhiteElo "1893"]
[BlackElo "2253"]
[PlyCount "82"]
[EventDate "2005.08.20"]
[EventType "swiss"]
[EventRounds "9"]
[EventCountry "ITA"]
[SourceTitle "EXT 2006"]
[Source "ChessBase"]
[SourceDate "2005.11.24"]
[SourceVersion "1"]
[SourceVersionDate "2005.11.24"]
[SourceQuality "1"]

1. e4 e5 2. Nf3 Nc6 3. d4 exd4 4. Nxd4 Qh4 5. Nc3 Bb4 6. Ndb5 Qxe4+ 7. Be2 Bxc3+ 8. bxc3 Kd8 9. 0-0 a6 10. Bd3 Qh4 11. Na3 d6 12. Nc4 Be6 13. Ne3 Qf6 14. Bd2 Nge7 15. f4 Nf5 16. Ng4 Qh4 17. Qf3 Ng3 18. hxg3 Qxg4 19. f5 Qxf3 20. gxf3 Bd7 21. Be4 Na5 22. g4 Bc6 23. Rab1 Bxe4 24. fxe4 b5 25. Bf4 Nc4 26. Rbd1 Re8 27. Rfe1 f6 28. g5 Kd7 29. Kf2 fxg5 30. Bxg5 Rf8 31. Kg3 Rae8 32. Bf4 Rf7 33. Kg4 Ref8 34. Bg3 g6 35. fxg6 Rg8 36. e5 Rxg6+ 37. Kh4 Rf3 38. exd6 cxd6 39. Be5 Ne3 40. Rxe3 Rxe3 41. Bd4 Re2 0-1

[Event "ITA-ch U20"]
[Site "Porto San Giorgio"]
[Date "2004.08.25"]
[Round "6"]
[White "Buono, Valerio"]
[Black "Castellano, Fabio Marco"]
[Result "1/2-1/2"]
[WhiteElo "1978"]
[BlackElo "1946"]
[PlyCount "33"]
[EventDate "2004.08.20"]
[EventType "swiss"]
[EventRounds "9"]
[EventCountry "ITA"]
[SourceTitle "EXT 2005"]
[Source "ChessBase"]
[SourceDate "2004.11.15"]
[SourceVersion "1"]
[SourceVersionDate "2004.11.15"]
[SourceQuality "1"]

1. e4 c5 2. Nf3 d6 3. d4 cxd4 4. Nxd4 Nf6 5. Nc3 a6 6. Be2 e5 7. Nb3 Be7 8. 0-0 0-0 9. Be3 Be6 10. f4 exf4 11. Bxf4 Nc6 12. Kh1 d5 13. exd5 Nxd5 14. Nxd5 Qxd5 15. Bf3 Qxd1 16. Rfxd1 Rad8 17. c3 1/2-1/2

[Event "ITA-ch U20 26th"]
[Site "Bratto"]
[Date "2003.08.26"]
[Round "6"]
[White "Ferrante, Marco"]
[Black "Castellano, Fabio Marco"]
[Result "1-0"]
[WhiteElo "1849"]
[BlackElo "1534"]
[PlyCount "73"]
[EventDate "2003.08.21"]
[EventType "swiss"]
[EventRounds "9"]
[EventCountry "ITA"]
[SourceTitle "EXT 2007"]
[Source "ChessBase"]
[SourceDate "2006.11.23"]
[SourceVersion "1"]
[SourceVersionDate "2006.11.23"]
[SourceQuality "1"]

1. e4 c5 2. Nf3 e6 3. d3 Nc6 4. g3 Qc7 5. Bg2 Nf6 6. 0-0 Be7 7. Re1 d6 8. c3 0-0 9. d4 cxd4 10. cxd4 Bd7 11. Nc3 e5 12. Be3 Na5 13. Rc1 Nc4 14. Qe2 Nxe3 15. Qxe3 Qa5 16. a3 Rac8 17. Nd5 Nxd5 18. exd5 f6 19. h4 Qb6 20. Qd2 Rxc1 21. Rxc1 Rc8 22. Rxc8+ Bxc8 23. h5 Bg4 24. dxe5 dxe5 25. Nh4 Bxh5 26. Nf5 Bd6 27. Qc2 Qc7 28. Qxc7 Bxc7 29. d6 Bd8 30. Bxb7 Bg6 31. Ne3 Kf7 32. Bc8 Be4 33. Bd7 Bb6 34. b4 Bxe3 35. fxe3 Bd5 36. b5 Be4 37. Bc6 1-0

[Event "ITA-ch U20 26th"]
[Site "Bratto"]
[Date "2003.08.22"]
[Round "2"]
[White "Bellemo, Davide"]
[Black "Castellano, Fabio Marco"]
[Result "0-1"]
[WhiteElo "1618"]
[BlackElo "1534"]
[PlyCount "80"]
[EventDate "2003.08.21"]
[EventType "swiss"]
[EventRounds "9"]
[EventCountry "ITA"]
[SourceTitle "EXT 2007"]
[Source "ChessBase"]
[SourceDate "2006.11.23"]
[SourceVersion "1"]
[SourceVersionDate "2006.11.23"]
[SourceQuality "1"]

1. c4 Nf6 2. Nc3 g6 3. g3 Bg7 4. Bg2 d6 5. e4 Nbd7 6. Nge2 0-0 7. d4 c6 8. 0-0 e5 9. d5 Qc7 10. Be3 Ng4 11. Bd2 f5 12. Qa4 Nc5 13. Qc2 a5 14. h3 Nf6 15. f3 Bd7 16. Be3 h5 17. Rad1 cxd5 18. Nxd5 Nxd5 19. cxd5 Bb5 20. Rfe1 Rac8 21. Rc1 Qd7 22. Qd2 b6 23. b4 axb4 24. Qxb4 Nd3 25. Qb1 Nxc1 26. Nxc1 Rb8 27. Nb3 fxe4 28. fxe4 Kh7 29. Qb2 Bh6 30. Bf2 Qc7 31. Nc1 Bd7 32. Nd3 b5 33. Bf1 Rbc8 34. Qa3 Rf6 35. Rb1 Rcf8 36. Rb3 Be3 37. Rb2 Qb6 38. Bxe3 Rxf1+ 39. Kg2 Qxe3 40. Qxd6 Qg1# 0-1

[Event "ITA-ch U20 25th"]
[Site "Bratto"]
[Date "2002.08.21"]
[Round "2"]
[White "Bonarrigo, Marco"]
[Black "Castellano, Fabio Marco"]
[Result "1-0"]
[WhiteElo "1699"]
[BlackElo "1600"]
[PlyCount "97"]
[EventDate "2002.08.20"]
[EventType "swiss"]
[EventRounds "9"]
[EventCountry "ITA"]
[SourceTitle "EXT 2007"]
[Source "ChessBase"]
[SourceDate "2006.11.23"]
[SourceVersion "1"]
[SourceVersionDate "2006.11.23"]
[SourceQuality "1"]

1. e4 c5 2. Nf3 e6 3. d4 cxd4 4. Nxd4 a6 5. c4 Nf6 6. Bd3 Nc6 7. Nxc6 bxc6 8. 0-0 d5 9. e5 Nd7 10. Qe2 Qc7 11. Re1 a5 12. cxd5 cxd5 13. Nc3 Nc5 14. Bb5+ Bd7 15. f4 Rb8 16. Be3 Be7 17. Rac1 Qb7 18. Bxd7+ Qxd7 19. Red1 0-0 20. Qf2 Rfc8 21. Nxd5 exd5 22. Bxc5 Qc6 23. Be3 Qb5 24. Qd2 Rd8 25. Bd4 h6 26. Rc7 Bb4 27. Qc2 Qa6 28. Rc1 Qe6 29. f5 Qa6 30. Ra7 Qb5 31. e6 Rb7 32. exf7+ Kxf7 33. Rxb7+ Qxb7 34. Qc7+ Qxc7 35. Rxc7+ Be7 36. Bc5 Re8 37. Kf2 Kf6 38. Bxe7+ Rxe7 39. Rxe7 Kxe7 40. Ke3 Kf6 41. Kd4 Kxf5 42. Kxd5 Kf4 43. Kd4 h5 44. b3 h4 45. a3 g5 46. b4 g4 47. b5 h3 48. gxh3 gxh3 49. b6 1-0

[Event "ITA-ch U20 25th"]
[Site "Bratto"]
[Date "2002.08.20"]
[Round "1"]
[White "Castellano, Fabio Marco"]
[Black "Lo Curto, Emanuele"]
[Result "0-1"]
[WhiteElo "1600"]
[BlackElo "2084"]
[PlyCount "76"]
[EventDate "2002.08.20"]
[EventType "swiss"]
[EventRounds "9"]
[EventCountry "ITA"]
[SourceTitle "EXT 2007"]
[Source "ChessBase"]
[SourceDate "2006.11.23"]
[SourceVersion "1"]
[SourceVersionDate "2006.11.23"]
[SourceQuality "1"]

1. e4 c5 2. Nf3 d6 3. d4 cxd4 4. Nxd4 Nf6 5. Nc3 e6 6. Be2 Be7 7. 0-0 Nc6 8. f4 0-0 9. Kh1 Qc7 10. Be3 Nxd4 11. Bxd4 e5 12. fxe5 dxe5 13. Be3 Bd7 14. h3 Bc6 15. Nd5 Qd8 16. Nxf6+ Bxf6 17. Bd3 Bg5 18. Bc5 Be7 19. Be3 Qc7 20. Qe2 b6 21. Bg1 Rad8 22. c3 Qb7 23. Rad1 b5 24. Bc2 Rxd1 25. Rxd1 g6 26. Bh2 f6 27. Qg4 Kg7 28. h4 Qc8 29. Qe2 Rd8 30. Rd3 Rxd3 31. Bxd3 Qb7 32. g4 Bd6 33. Bg1 f5 34. Kh2 fxe4 35. Bc2 Qe7 36. Bf2 Qf6 37. Bg3 Qf3 38. Qd2 e3 0-1

[Event "ITA-ch U20 24th"]
[Site "Bratto"]
[Date "2001.08.27"]
[Round "6"]
[White "Palomba, Andrea"]
[Black "Castellano, Fabio Marco"]
[Result "0-1"]
[WhiteElo "1401"]
[BlackElo "1431"]
[PlyCount "82"]
[EventDate "2001.08.22"]
[EventType "swiss"]
[EventRounds "9"]
[EventCountry "ITA"]
[SourceTitle "EXT 2007"]
[Source "ChessBase"]
[SourceDate "2006.11.23"]
[SourceVersion "1"]
[SourceVersionDate "2006.11.23"]
[SourceQuality "1"]

1. e4 c5 2. Nf3 e6 3. Bc4 Nc6 4. d4 cxd4 5. Nxd4 Nf6 6. Nxc6 bxc6 7. e5 Qa5+ 8. Nc3 Qxe5+ 9. Ne2 Bb7 10. 0-0 d5 11. Bf4 Qxb2 12. Rb1 Qa3 13. Rxb7 dxc4 14. Be5 Qa6 15. Rc7 Nd5 16. Nf4 Nxc7 17. Bxc7 Rc8 18. Re1 Rxc7 19. Nxe6 fxe6 20. Qh5+ g6 21. Qe5 Qb7 22. Qxh8 Rg7 23. h3 Qf7 24. Kf1 Kd7 25. Rb1 Kc7 26. a4 e5 27. a5 a6 28. Rb6 Kd6 29. Rb8 Rg8 30. Rd8+ Ke6 31. Re8+ Qxe8 32. Qxh7 Qf7 33. Qh4 Qf4 34. Qd8 Qc1+ 35. Ke2 Qxc2+ 36. Ke1 Bb4+ 37. Kf1 Rxd8 38. g4 Rd1+ 39. Kg2 Bc5 40. h4 Qxf2+ 41. Kh3 Rh1# 0-1

[Event "ITA-ch U20 24th"]
[Site "Bratto"]
[Date "2001.08.25"]
[Round "4"]
[White "Retter, Martin"]
[Black "Castellano, Fabio Marco"]
[Result "1-0"]
[WhiteElo "1690"]
[BlackElo "1431"]
[PlyCount "57"]
[EventDate "2001.08.22"]
[EventType "swiss"]
[EventRounds "9"]
[EventCountry "ITA"]
[SourceTitle "EXT 2007"]
[Source "ChessBase"]
[SourceDate "2006.11.23"]
[SourceVersion "1"]
[SourceVersionDate "2006.11.23"]
[SourceQuality "1"]

1. c4 Nf6 2. g3 g6 3. Bg2 Bg7 4. Nc3 d6 5. d3 Nc6 6. Rb1 0-0 7. Nf3 e5 8. b4 a6 9. 0-0 Be6 10. Qc2 Nd7 11. a4 f5 12. Ng5 Nd4 13. Qa2 Rb8 14. Nxe6 Nxe6 15. c5 Qe7 16. cxd6 cxd6 17. b5 Ndc5 18. Ba3 Kh8 19. bxa6 bxa6 20. Qc4 Rfc8 21. Rxb8 Rxb8 22. Rb1 Rxb1+ 23. Nxb1 Nd4 24. e3 Nde6 25. a5 Nc7 26. Nc3 Qe6 27. Nd5 Nxd5 28. Bxd5 Qc8 29. d4 1-0